Normal view MARC view
  • Biography;Biography-Men

Entry Topical Term

Number of records used in: 11

001 - CONTROL NUMBER

  • control field: 119155

003 - CONTROL NUMBER IDENTIFIER

  • control field: OSt

005 - DATE AND TIME OF LATEST TRANSACTION

  • control field: 20230202161626.0

008 - FIXED-LENGTH DATA ELEMENTS

  • fixed length control field: 230202|| aca||aabn | a|a d

040 ## - CATALOGING SOURCE

  • Original cataloging agency: OSt
  • Transcribing agency: OSt

150 ## - HEADING--TOPICAL TERM

  • Topical term or geographic name entry element: Biography;Biography-Men

670 ## - SOURCE DATA FOUND

  • Source citation: Work cat.: (OSt)96795: Bedekar V 118669, Ek Zhad ani Don Pakshi, 2012